LEADER 01144nam a2200253 i 4500 001 000000034213 003 CaOOAMICUS 005 20070116000000.0 008 070116s1977 it u000 u ita u 013 $a368 040 $aSeMil$bita 245 10$aS. Maria di Piazza, ovvero, Santuario della Madonna dell'Aiuto /$ca cura di Mons. Marino Colombo. 250 $a2. Ed. riveduta e ampliata. 260 $a[S.l. :$bs.n.],$cstampa 1977$e(Busto Arsizio :$fArti Grafiche Baratelli,$gstampa 1977) 300 $a145 p. :$briccamente ill. ;$c31 cm. 500 $aIn mezzo al front. : Dedica autografa. - Fondo Card. Giovanni Colombo. 650 4$aBusto Arsizio - Chiese - Santa Maria di Piazza.$0(OLS)http://semarc/subject/44843 700 1 $aColombo, Marino <1917-1986>.$0(OLS)http://semarc/name/15653 850 $aSeMil 852 $aSeMil$W1$xVenegono$y1$m5Q XI 37$j368$B368$CSeMilBibl$Z2$F368 $8I 941 1 $a3 961 $aLascito: Colombo Card. Giovanni 996 $6245$aS. Maria di Piazza, ovvero, Santuario della Madonna dell'Aiuto$9(OLS)http://semarc/title/46168 996 $6260$a[S.l. :$bs.n.]$9(OLS)http://semarc/publisher/29751 LEADER 01256nam a2200253 i 4500 001 000000061601 003 CaOOAMICUS 005 20131119000000.0 008 131119s1970 it u000 u ita u 013 $a32773 040 $aSeMil$bita 100 1 $aSchreiner, Josef <1922-2002>.$0(OLS)http://semarc/name/4569 240 10$aWort und Botschaft : eine theologische und kritische Einführung in die Probleme des Alten Testaments.$0(OLS)http://semarc/title/96829 245 10$aParola e messaggio :$bintroduzione teologica e critica ai problemi dell'Antico Testamento /$cJosef Schreiner e collaboratori. 260 $aBari :$bPaoline,$ccopyr. 1970. 300 $a630 p. ;$c20 cm. 490 0 $aCultura religiosa per laici ;$v5 650 4$aBibbia. Antico Testamento - Introduzioni.$0(OLS)http://semarc/subject/324 830 0$aCultura religiosa per laici ;$v5.$0(OLS)http://semarc/title/28522 850 $aSeMil 852 $aSeMil$W1$xVenegono$y1$m2W I 273$j27754$B27754$CSeMilBibl$Z2$F27757 $81 961 $aOmaggio: Oggioni don Costantino 996 $6245$aParola e messaggio :$bintroduzione teologica e critica ai problemi dell'Antico Testamento$9(OLS)http://semarc/title/96828 996 $6260$aBari :$bPaoline$9(OLS)http://semarc/publisher/31230